Dynamics of identification : (Record no. 63827)
[ view plain ]
| 000 -LEADER | |
|---|---|
| fixed length control field | 00711cam a2200229 i 4500 |
| 001 - CONTROL NUMBER | |
| control field | 2214762 |
| 005 - DATE AND TIME OF LATEST TRANSACTION | |
| control field | 20170619150142.0 |
| 008 - FIXED-LENGTH DATA ELEMENTS--GENERAL INFORMATION | |
| fixed length control field | 750310s1973 sj b 000 0 eng |
| 010 ## - LIBRARY OF CONGRESS CONTROL NUMBER | |
| LC control number | 74980041 |
| 020 ## - INTERNATIONAL STANDARD BOOK NUMBER | |
| Terms of availability | £S1.40 |
| 040 ## - CATALOGING SOURCE | |
| Original cataloging agency | DLC |
| Transcribing agency | DLC |
| Modifying agency | DLC |
| 043 ## - GEOGRAPHIC AREA CODE | |
| Geographic area code | f-sj--- |
| 050 00 - LIBRARY OF CONGRESS CALL NUMBER | |
| Classification number | DT108.7 |
| Item number | .D46 |
| 082 00 - DEWEY DECIMAL CLASSIFICATION NUMBER | |
| Classification number | 320.9/624/04 |
| 100 1# - MAIN ENTRY--PERSONAL NAME | |
| Personal name | Deng, Francis Mading, |
| Dates associated with a name | 1938- |
| 245 10 - TITLE STATEMENT | |
| Title | Dynamics of identification : |
| Remainder of title | a basis for national integration in the Sudan / |
| Statement of responsibility, etc | by Francis Mading Deng. |
| 260 ## - PUBLICATION, DISTRIBUTION, ETC. (IMPRINT) | |
| Place of publication, distribution, etc | Khartoum : |
| Name of publisher, distributor, etc | Khartoum University Press, |
| Date of publication, distribution, etc | 1973. |
| 300 ## - PHYSICAL DESCRIPTION | |
| Extent | xi, 109 p. ; |
| Dimensions | 22 cm. |
| 651 #0 - SUBJECT ADDED ENTRY--GEOGRAPHIC NAME | |
| Geographic name | Sudan |
| General subdivision | Politics and government. |
| 906 ## - LOCAL DATA ELEMENT F, LDF (RLIN) | |
| a | 7 |
| b | cbc |
| c | orignew |
| d | 4 |
| e | ncip |
| f | 19 |
| g | y-gencatlg |
| 942 ## - ADDED ENTRY ELEMENTS (KOHA) | |
| Source of classification or shelving scheme | |
| Withdrawn status | Lost status | Source of classification or shelving scheme | Damaged status | Not for loan | Collection code | Home library | Current library | Shelving location | Date acquired | Source of acquisition | Cost, normal purchase price | Total Checkouts | Full call number | Barcode | Date last seen | Copy number | Price effective from | Koha item type |
|---|---|---|---|---|---|---|---|---|---|---|---|---|---|---|---|---|---|---|
| Library of Congress Classification | Special Collection | AIU/NEGST - Tony Wilmot Memorial Library | AIU/NEGST - Tony Wilmot Memorial Library | Special Collection | 06/21/2016 | Donation- SIL Sudan | 12.00 | S DT 108.7.D46 1973 | Donation- SIL Sudan | 07/26/2018 | 1 | 07/26/2018 | Special Collection |
